ARRUPE JESUIT UNIVERSITY

CORONAVIRUS -STOP THE SPREAD - CLEAN,DISINFECT,COVER
Normal view MARC view

Entry Geographic Name

Number of records used in: 1

001 - CONTROL NUMBER

  • control field: 43451

003 - CONTROL NUMBER IDENTIFIER

  • control field: ARRUPE

005 - DATE AND TIME OF LATEST TRANSACTION

  • control field: 20181114121211.0

008 - FIXED-LENGTH DATA ELEMENTS

  • fixed length control field: 181114|| aca||aabn | a|a d

040 ## - CATALOGING SOURCE

  • Original cataloging agency: ARRUPE
  • Transcribing agency: ARRUPE

151 ## - HEADING--GEOGRAPHIC NAME

  • Geographic name: Congo (Democratic Republic)
  • General subdivision: History
  • Chronological subdivision: Shaba Invasion, 1977.

670 ## - SOURCE DATA FOUND

  • Source citation: Work cat.: (ARRUPE)0: Nguza Karl i Bond, 1938- 43445, Mobutu, ou, L'incarnation du mal zaïrois /, 1982.

 

Arrupe Library. PO Box MP320 Mt Pleasant, Harare, Zimbabwe
263 242 745411|librarian@aju.ac.zw